000 00323nam a2200121Ia 4500
008 230907s9999||||xx |||||||||||||| ||und||
082 _a333.79,BAL
100 _aBalzer, Gerd.
_9115178
245 0 _aAsset management for infrastructure systems:
260 _aSpringer
_bNew York
_c2015
300 _aix, 339p.:
942 _cBK
999 _c597771
_d597771